Social Work : (Record no. 617395)

MARC details
000 -LEADER
fixed length control field 00507nam a2200193 a 4500
008 - FIXED-LENGTH DATA ELEMENTS--GENERAL INFORMATION
fixed length control field 260310s1993##################000#0#eng##
020 ## - INTERNATIONAL STANDARD BOOK NUMBER
ISBN 9781853021787
082 04 - DEWEY DECIMAL CLASSIFICATION NUMBER
Classification number 362.40941
Item number OLI
100 1# - MAIN ENTRY--AUTHOR NAME
Personal name Oliver, Michael,
245 10 - TITLE STATEMENT
Title Social Work :
260 ## - PUBLICATION, DISTRIBUTION, ETC. (IMPRINT)
Name of publisher Research Highlights in Social,
Year of publication 1993.
300 ## - PHYSICAL DESCRIPTION
Number of Pages 203 pages
650 #0 - SUBJECT ADDED ENTRY--TOPICAL TERM
Topical Term Political Science.
942 ## - ADDED ENTRY ELEMENTS (KOHA)
Koha item type English Books
Holdings
Withdrawn status Lost status Damaged status Not for loan Home library Current library Shelving location Date acquired Full call number Accession Number Price effective from Koha item type
        Anna Centenary Library Anna Centenary Library 4TH FLOOR, A WING 10.03.2026 362.40941 OLI 425754 10.03.2026 English Books

Find us on the map